| 000 | 00431 a2200145 4500 | ||
|---|---|---|---|
| 999 |
_c6346 _d6346 |
||
| 020 | _a082140931x | ||
| 050 | _apr9358SHA1989 | ||
| 100 |
_aShava Piniel Viriri _eauthor |
||
| 245 |
_aA people's voice : _b Black South African writing in the twentieth century / _cPiniel Viriri Shava |
||
| 264 |
_aLondon : _bOhio University Press, _c1989 |
||
| 300 | _a179p. : | ||
| 500 | _anovel | ||
| 650 | _anovel | ||
| 942 |
_2lcc _cBK _h9358 _iSHA _kPR |
||